[Medzinárodný manažment a medzinárodné podnikanie – základy teórie a prípadové štúdie]

Recenzia na skriptá ktoré sú rozdelené do piatich základných kapitol, ktoré popri množstve teoretických informácií prinášajú niekoľko prípadových štúdií a zoznam otázok, ktoré sú výbornou bázou na vedenie diskusie so študentami počas seminárov z predmetu Medzinárodný manažment a medzinárodné podnik...

Descrizione completa

Salvato in:
Dettagli Bibliografici
Autore principale: Skorková, Zuzana, 1979-
Natura: Capitolo di libro
Lingua:slovacco
Soggetti:
Tags: Aggiungi Tag
Nessun Tag, puoi essere il primo ad aggiungerne!!

MARC

LEADER 00000nla a2200000 4500
001 0246476
005 20240502073945.4
041 0 |a slo 
044 |a SK 
245 1 0 |a [Medzinárodný manažment a medzinárodné podnikanie – základy teórie a prípadové štúdie]  |c Zuzana Skorková 
520 |a Recenzia na skriptá ktoré sú rozdelené do piatich základných kapitol, ktoré popri množstve teoretických informácií prinášajú niekoľko prípadových štúdií a zoznam otázok, ktoré sú výbornou bázou na vedenie diskusie so študentami počas seminárov z predmetu Medzinárodný manažment a medzinárodné podnikanie, pre ktorý sú skriptá primárne určené. 
610 2 0 |a recenzie 
610 2 0 |a štúdie prípadové 
610 2 0 |a manažment medzinárodný 
610 2 0 |a podnikanie medzinárodné 
100 1 |a Skorková, Zuzana, 1979-